Central Library OPAC University of Rajshahi

স্যার সৈয়দ আহমদের রচনাবলী / (Record no. 49284)

MARC details
000 -LEADER
fixed length control field 00996nam a22002417a 4500
001 - CONTROL NUMBER
control field 49284
003 - CONTROL NUMBER IDENTIFIER
rucl marc code BD-RjUL
005 - DATE AND TIME OF LATEST TRANSACTION
control field 20211209054647.0
008 - FIXED-LENGTH DATA ELEMENTS--GENERAL INFORMATION
fixed length control field 160820s1974 ii ||||| |||| 00| 0 ben d
020 ## - INTERNATIONAL STANDARD BOOK NUMBER
Terms of availability : IRs 7.00
035 ## - SYSTEM CONTROL NUMBER
System control number (BD-RjUL)49403
040 ## - CATALOGING SOURCE
Original cataloging agency BD-RjUL
Language of cataloging ben
Transcribing agency BD-RjUL
041 ## - LANGUAGE CODE
Language code of text/sound track or separate title ben
082 ## - DEWEY DECIMAL CLASSIFICATION NUMBER
Edition number 23
Classification number 891.4409
Author mark and year MAR 1974
100 ## - MAIN ENTRY--PERSONAL NAME
Personal name মজুমদার, উজ্জ্বল্কুমার
9 (RLIN) 148060
245 10 - TITLE STATEMENT
Title স্যার সৈয়দ আহমদের রচনাবলী /
Statement of responsibility, etc. উজ্জ্বল্কুমার মজুমদার
260 ## - PUBLICATION, DISTRIBUTION, ETC. (IMPRINT)
Place of publication, distribution, etc. কলিকাতা :
Name of publisher, distributor, etc. বেঙ্গল পাবলিশার্স,
Date of publication, distribution, etc. ১৯৭৪ [১৩৮১]
300 ## - PHYSICAL DESCRIPTION
Pagination খণ্ড ;
Size ১৯ সেমি.
505 ## - FORMATTED CONTENTS NOTE
Formatted contents note খণ্ড ১
650 ## - SUBJECT ADDED ENTRY--TOPICAL TERM
Topical term or geographic name as entry element বাংলা সাহিত্য
General subdivision ইতিহাস ও সমালোচনা
9 (RLIN) 148061
Topical term or geographic name as entry element Bengali Literature
General subdivision History & Criticism
9 (RLIN) 148062
942 ## - ADDED ENTRY ELEMENTS (KOHA)
Source of classification or shelving scheme Dewey Decimal Classification
Koha item type Books
Holdings
Lost status Source of classification or shelving scheme Damaged status Not for loan Collection code Permanent Location Current Location Shelving location Date acquired Source of acquisition Cost, normal purchase price Total Checkouts Full call number Date last seen Copy number Koha item type
  Dewey Decimal Classification     Non-fiction Central Library, University of Rajshahi Central Library, University of Rajshahi Electronic Books 10/04/1980 K. P. Bagchi 7.00   B 891.4409 MAR V-1 1974 20/08/2016 C-2 Books